Представление документа в формате RUSMARC

ПолеНазваниеЗначение
  Тип записи a
  Библиографический уровень m
001 Контрольный номер RU/CBS_UL/BASE/592322751
005 Дата корректировки 20240209174840.3
010 Индекс ISBN __
a ISBN
b Уточнения в пер.
d Цена 40 р. 00 к.
9 Тираж экз.
090 Данные записи __
a Состояние записи Р1
b Тип записи Книги
c Язык записи Русский
d Отрасль знаний (КСУ) Другая
e Секретность Несекретно
g Вид записи Монография (однотомник)
x Дата передачи записи для обработки К92
100 Данные общей обработки __
a Данные общей обработки 20091106d2013 u u 1rusy ||||ca
101 Язык документа 0_
a Язык текста rus
105 Кодированные данные (монография) __
a Кодированные данные (монография) a z 000yy
200 Заглавие и сведения об ответственности 1_
a Заглавие Белый пудель
b Общее обозначение материала Текст
e Сведения, относящиеся к заглавию рассказы
f Первые сведения об ответственности А. И. Куприн
g Последующие сведения об ответственности вступ. ст. Е. А. Шкловского
g Последующие сведения об ответственности рис. В. Семоненко
210 Выходные данные 1_
a Место издания Москва
c Издательство Детская литература
d Дата издания 2005
215 Физическое описание __
a Объем 252 с.
c Иллюстрации/тип воспроизводства ил.
225 Серия 1_
a Серия Школьная библиотека
300 Общие примечания __
a Общие примечания Под инв. номером 113028: 4-1
300 Общие примечания __
a Общие примечания Ограничения по возрасту - 6+ ; (Мл)
606 Тематические рубрики 0_
a Основная рубрика Русская детская литература, 19-20 вв. - Рассказы
610 Ключевые слова 0_
a Ключевые слова рассказы о животных
a Ключевые слова литература детская
a Ключевые слова произведения школьной программы
a Ключевые слова классика детская
686 Индексы других классификаций __
a Классификационный индекс 84(2Рос=Рус)1
2 Код системы rubbk
700 Автор _1
a Фамилия Куприн
b Имя (инициалы) Александр Иванович
g Полное личное имя А. И.
801 Источник записи _0
a Страна RU
b Организация МБУК ЦБС г. Ульяновска
c Дата составления 20091106
801 Источник записи _1
a Страна RU
b Организация МБУК ЦБС г. Ульяновска
c Дата составления 20091106
801 Источник записи _2
a Страна RU
b Организация МБУК ЦБС г. Ульяновска
c Дата составления 20100819
899 Данные о местонахождении __
3 Книга № 3694
a Местонахождение 11 ф
i Авторский знак К 92
j Расстановочный фильтр Р1
d Название фонда Инв.книга №1
q Состояние Свободно
x Инвентарный номер 133730
899 Данные о местонахождении __
3 Книга № 3695
a Местонахождение 11 ф
i Авторский знак К92
d Название фонда Инв.книга №1
h Классификационная часть РШ Р1
q Состояние Свободно
x Инвентарный номер 133730
899 Данные о местонахождении __
3 Книга № 3696
a Местонахождение 28 ф
i Авторский знак К92
d Название фонда Инв.книга №1
h Классификационная часть РШ Р1
q Состояние Свободно
x Инвентарный номер 133730
899 Данные о местонахождении __
3 Книга № 11203
a Местонахождение 4 ф
i Авторский знак К92
d Название фонда Инв.книга №1
h Классификационная часть РШ Р1
q Состояние Свободно
x Инвентарный номер 133730
899 Данные о местонахождении __
3 Книга № 8575
a Местонахождение 30 ф
i Авторский знак К92
d Название фонда Инв.книга №1
h Классификационная часть РШ Р1
q Состояние Свободно
x Инвентарный номер 133730
901 Тип документа __
t Тип документа m
910 Корректоры записи __
a Корректор записи Скрипина